00357nam a2200157Ia 45000010006000000050017000060080041000230410008000640820018000721000024000902450025001142600009001393000035001486500008001836540008001911558420260306170206.0260306t2017||||xx |||||||||||||| ||und|| aESP a547bW13 V. 1 aWade, Leroy G.eAUT 0aQuímica orgánica c2017 axxxii, 715 páginas :c27 cm. aGEN aCCN